[Event "St.Petersburg Summer Open"]
[Site "St Petersburg RUS"]
[Date "2016.08.20"]
[Round "4.61"]
[White "Mestnikov, Aidin"]
[Black "Bezobrazov, Lev"]
[Result "0-1"]
[WhiteElo "1649"]
[BlackElo "1528"]
[WhiteFideId "34160210"]
[BlackFideId "4152409"]
[EventDate "2016.08.17"]

1. d4 Nf6 2. Nf3 g6 3. c4 Bg7 4. Nc3 O-O 5. e4 d6 6. Be2 Nbd7 7. O-O e5 8. d5
Ne8 9. Ne1 f5 10. f4 exf4 11. Rxf4 Be5 12. Rf1 Nc5 13. Nd3 Bxc3 14. Nxc5 Bg7 15.
Nd3 Qf6 16. Be3 Qh4 17. Rf4 Qe7 18. Qd2 Nf6 19. e5 Ne4 20. exd6 cxd6 21. Qc1 Bd7
22. Nf2 Nxf2 23. Kxf2 g5 24. Rf3 f4 25. Bd2 Bg4 26. Qc2 Bxf3 27. Bxf3 Bd4+ 28.
Kf1 Qg7 29. Bb4 Qf6 30. Re1 Be5 31. Be4 h6 32. Bf3 Kg7 33. Bg4 b6 34. Be6 f3 35.
g3 Rad8 36. Qa4 a5 37. Ba3 f2 38. Re3 Bd4 39. Rd3 Qe5 40. Qd1 Qe4 41. Bh3 Qh1+
42. Ke2 Rde8+ 43. Kd2 Re1 44. Qa4 f1=Q 45. Bxf1 Qxf1 46. Rxd4 Qe2+ 0-1

[Event "St.Petersburg Summer Open"]
[Site "St Petersburg RUS"]
[Date "2016.08.20"]
[Round "4.63"]
[White "Smorodkin, Kirill"]
[Black "Corrente, Roberto"]
[Result "1-0"]
[WhiteElo "1624"]
[BlackElo "1242"]
[WhiteFideId "44176678"]
[BlackFideId "36018562"]
[EventDate "2016.08.17"]

1. e4 c5 2. Nf3 e6 3. d4 cxd4 4. Nxd4 Nc6 5. Nc3 Bc5 6. Be3 d6 7. Be2 Nxd4 8.
Bxd4 Qg5 9. O-O Ne7 10. Nb5 O-O 11. Kh1 Ng6 12. Bxc5 dxc5 13. Bf3 Ne5 14. Qe2 b6
15. Rad1 Bb7 16. Bh5 Qf4 17. Nc3 Qg5 18. f4 Qh4 19. fxe5 Bc6 20. Rd6 Rac8 21.
Qg4 Qe7 22. Rfd1 Rfd8 23. Qg3 Rxd6 24. exd6 Qb7 25. Qf2 Bxe4 26. Nxe4 Qxe4 27.
Qxf7+ Kh8 28. d7 Rg8 29. Qxg8+ Kxg8 30. d8=Q# 1-0

[Event "St.Petersburg Summer Open"]
[Site "St Petersburg RUS"]
[Date "2016.08.20"]
[Round "4.64"]
[White "Zvereva, Svetlana"]
[Black "Nordquelle, Amelia"]
[Result "1-0"]
[WhiteElo "1579"]
[BlackElo "1153"]
[WhiteFideId "24121282"]
[BlackFideId "1531646"]
[EventDate "2016.08.17"]

1. e4 e5 2. Nf3 Nc6 3. Bc4 Bc5 4. c3 Nf6 5. d4 exd4 6. cxd4 Bb4+ 7. Nc3 Bxc3+ 8.
bxc3 Nxe4 9. O-O O-O 10. Qc2 d5 11. Bd3 Re8 12. Ba3 a6 13. Rfe1 Bf5 14. Ne5 Nxe5
15. dxe5 Rxe5 16. f3 Qe8 17. fxe4 dxe4 18. Qe2 Kh8 19. Bc2 c5 20. c4 Bg6 21. Bb2
Re7 22. Qe3 Rc8 23. Rad1 f5 24. Qf4 Rd8 25. Bc3 Rf7 26. Rxd8 Qxd8 27. Rd1 Qc8
28. Ba5 Rf8 29. Qg5 Kg8 30. Rd8 Rxd8 31. Qxd8+ Qxd8 32. Bxd8 Kf7 33. Bb6 Ke6 34.
Bxc5 Bf7 35. Bd4 g6 36. Bb3 Kd7 37. Kf2 Kd6 38. c5+ Ke7 39. Bxf7 Kxf7 1-0

[Event "St.Petersburg Summer Open"]
[Site "St Petersburg RUS"]
[Date "2016.08.22"]
[Round "6.1"]
[White "Saveliev, Alexei"]
[Black "Orlov, Oleg"]
[Result "1/2-1/2"]
[BlackTitle "FM"]
[WhiteElo "2339"]
[BlackElo "2289"]
[WhiteFideId "24128546"]
[BlackFideId "4166612"]
[EventDate "2016.08.17"]

1. e4 d6 2. d4 g6 3. Nc3 Bg7 4. Nge2 a6 5. a4 Nc6 6. Be3 e5 7. f3 f5 8. dxe5
Nxe5 9. exf5 Bxf5 10. Nd4 Bd7 11. Be2 Ne7 12. O-O O-O 13. f4 c5 14. fxe5 Rxf1+
15. Bxf1 cxd4 16. Qxd4 Nf5 17. Qc4+ Kh8 18. Bf2 Bxe5 19. Re1 Rc8 20. Qb4 Bc6 21.
Ne4 a5 22. Qb3 Qg8 23. Qd3 Bxa4 24. b3 Bc6 25. Nxd6 Bxd6 26. Bd4+ Nxd4 27. Qxd4+
Qg7 28. Qxd6 Rf8 29. Bd3 Qf6 30. Qxf6+ Rxf6 31. Re5 b6 32. Bb5 Kg7 33. c4 Kf7
34. Bxc6 Rxc6 35. Kf2 a4 36. bxa4 Rxc4 37. Rb5 Rxa4 1/2-1/2

[Event "St.Petersburg Summer Open"]
[Site "St Petersburg RUS"]
[Date "2016.08.22"]
[Round "6.2"]
[White "Lovkov, Roman"]
[Black "Usmanov, Vasily"]
[Result "1/2-1/2"]
[WhiteTitle "IM"]
[BlackTitle "IM"]
[WhiteElo "2451"]
[BlackElo "2423"]
[WhiteFideId "4157389"]
[BlackFideId "4135741"]
[EventDate "2016.08.17"]

1. d4 Nf6 2. c4 e6 3. g3 Bb4+ 4. Bd2 Qe7 5. Nf3 Bxd2+ 6. Qxd2 Nc6 7. Nc3 d5 8.
Bg2 O-O 9. O-O dxc4 10. Ne5 Nxe5 11. dxe5 Nd7 12. Qd4 Qc5 13. Qxc5 Nxc5 14. Nb5
Bd7 15. Na3 Rad8 16. Nxc4 Bb5 17. Rfc1 b6 18. b4 Rd4 19. Nxb6 axb6 20. bxc5 Bxe2 1/2-1/2

[Event "St.Petersburg Summer Open"]
[Site "St Petersburg RUS"]
[Date "2016.08.22"]
[Round "6.3"]
[White "Azimov, Ilyas"]
[Black "Triapishko, Olexandr"]
[Result "0-1"]
[WhiteElo "2136"]
[BlackElo "2466"]
[WhiteFideId "24175226"]
[BlackFideId "14122286"]
[EventDate "2016.08.17"]

1. e4 c5 2. Nf3 Nc6 3. Bb5 d6 4. d4 cxd4 5. Nxd4 Bd7 6. O-O Nf6 7. Nxc6 bxc6 8.
Bd3 g6 9. b3 Bg7 10. Bb2 O-O 11. c4 a5 12. Qc2 Qb8 13. Nd2 a4 14. Nf3 Bg4 15.
Be2 d5 16. exd5 cxd5 17. Ne5 Bxe2 18. Qxe2 Qb7 19. Qf3 Rab8 20. cxd5 Qxd5 21.
Qxd5 Nxd5 22. Rfd1 e6 23. Rd3 a3 24. Bd4 Nf4 25. Re3 Rfd8 26. Bc3 Nd5 27. Bd4
Rb4 28. Rd1 Nxe3 0-1

[Event "St.Petersburg Summer Open"]
[Site "St Petersburg RUS"]
[Date "2016.08.22"]
[Round "6.4"]
[White "Kukhmazov, Arsen"]
[Black "Pershin, Denis"]
[Result "0-1"]
[WhiteTitle "IM"]
[WhiteElo "2399"]
[BlackElo "2325"]
[WhiteFideId "24108260"]
[BlackFideId "24165506"]
[EventDate "2016.08.17"]

1. d4 Nf6 2. c4 e6 3. Nf3 b6 4. a3 Bb7 5. Nc3 d5 6. Bf4 Bd6 7. Bxd6 Qxd6 8. cxd5
exd5 9. Rc1 c6 10. g3 O-O 11. Bg2 Nbd7 12. O-O Rfe8 13. e3 Ne4 14. Qc2 f5 15.
Rfd1 Qh6 16. Ne1 Ndf6 17. Nd3 Ng4 18. h3 Nxe3 19. fxe3 Qxe3+ 20. Nf2 Qxg3 21.
Nfxe4 dxe4 22. Qe2 Rad8 23. Qc4+ Kh8 24. Kh1 f4 25. Ne2 Qg5 26. Rg1 Qf6 27. Nxf4
Qxf4 28. Rcf1 Qh6 29. Qf7 Bc8 30. Kh2 e3 31. Rf3 e2 32. Re1 Qd2 33. Rg3 Qxd4 34.
Qc7 Rd7 35. Qxc6 Qf2 36. Qc3 Bb7 37. Kh1 Qxe1+ 0-1

[Event "St.Petersburg Summer Open"]
[Site "St Petersburg RUS"]
[Date "2016.08.22"]
[Round "6.5"]
[White "Karasev, Vladimir I"]
[Black "Borisovsky, Dmitry"]
[Result "1/2-1/2"]
[WhiteTitle "IM"]
[WhiteElo "2367"]
[BlackElo "2298"]
[WhiteFideId "4103971"]
[BlackFideId "34109410"]
[EventDate "2016.08.17"]

1. c4 Nf6 2. Nf3 g6 3. Nc3 d5 4. cxd5 Nxd5 5. Qa4+ Nc6 6. Ne5 Qd6 7. Nxc6 Qxc6
8. Qd4 Nxc3 9. bxc3 f6 10. e4 e5 11. Qc4 Bc5 12. a4 Qb6 13. Qe2 1/2-1/2

[Event "St.Petersburg Summer Open"]
[Site "St Petersburg RUS"]
[Date "2016.08.22"]
[Round "6.6"]
[White "Kolomensky, Vladimir"]
[Black "Apryshko, Gleb"]
[Result "0-1"]
[WhiteTitle "FM"]
[BlackTitle "FM"]
[WhiteElo "2196"]
[BlackElo "2335"]
[WhiteFideId "4123565"]
[BlackFideId "24131792"]
[EventDate "2016.08.17"]

1. e4 d6 2. d4 g6 3. Nf3 Bg7 4. Bc4 a6 5. O-O b5 6. Bd5 Ra7 7. Bb3 e6 8. a4 b4
9. c3 a5 10. Be3 Nf6 11. e5 Nd5 12. Bxd5 exd5 13. Bg5 Qd7 14. Re1 O-O 15. exd6
cxd6 16. Re7 Qxe7 17. Bxe7 Rxe7 18. Qb3 Re2 19. cxb4 axb4 20. Nbd2 Nc6 21. Qd3
Rfe8 22. Kf1 R2e7 23. Nb3 Nb8 24. Qd2 Ba6+ 25. Kg1 Nc6 26. h3 Re2 27. Qf4 Rxb2
28. Qxd6 Re6 29. Qxd5 Bf8 30. Nc5 Rd6 31. Qe4 Bc4 32. Qe8 Re2 0-1

[Event "St.Petersburg Summer Open"]
[Site "St Petersburg RUS"]
[Date "2016.08.22"]
[Round "6.7"]
[White "Dilmukhametov, Artur"]
[Black "Sichinava, Zviad"]
[Result "1-0"]
[WhiteElo "2333"]
[BlackElo "2298"]
[WhiteFideId "24179922"]
[BlackFideId "24111716"]
[EventDate "2016.08.17"]

1. e4 e6 2. d4 d5 3. Nc3 dxe4 4. Nxe4 Nf6 5. Nxf6+ Qxf6 6. Nf3 h6 7. Bd3 Nc6 8.
O-O Bd7 9. c3 Bd6 10. Qe2 O-O-O 11. b4 Ne7 12. c4 Bc6 13. Ne5 Qh4 14. Bb2 Bxe5
15. dxe5 Qg5 16. g3 Nf5 17. b5 Rxd3 18. Qxd3 Rd8 19. Qa3 Be4 20. Rfd1 b6 21. f3
Bb7 22. f4 Qh5 23. Rxd8+ Kxd8 24. Qd3+ Kc8 25. Rd1 1-0

[Event "St.Petersburg Summer Open"]
[Site "St Petersburg RUS"]
[Date "2016.08.22"]
[Round "6.8"]
[White "Fraiman, Dmitry"]
[Black "Grigoriev, Semyon"]
[Result "0-1"]
[WhiteElo "2241"]
[BlackElo "2132"]
[WhiteFideId "34100641"]
[BlackFideId "24111694"]
[EventDate "2016.08.17"]

1. e4 c6 2. d4 d5 3. Nc3 dxe4 4. Nxe4 Nf6 5. Nxf6+ exf6 6. Nf3 Bd6 7. Be2 O-O 8.
O-O Bg4 9. Be3 Nd7 10. c4 Re8 11. Re1 Qc7 12. h3 Bf5 13. a3 Nf8 14. Bd3 Bxd3 15.
Qxd3 Ng6 16. b4 Rad8 17. Qf5 Bf4 18. Bxf4 Qxf4 19. Qa5 Qb8 20. g3 b6 21. Qf5 Ne7
22. Qd3 g6 23. Rad1 Rd7 24. Re2 Red8 25. Qc3 Kg7 26. Kg2 h5 27. Re4 b5 28. c5
Nd5 29. Qd2 Re8 30. Rxe8 Qxe8 31. Re1 Re7 32. Rxe7 Qxe7 33. Qd3 Qe6 34. Nd2 f5
35. Nf3 f6 36. Nd2 Kf7 37. Nb3 f4 38. Qf3 fxg3 39. Kxg3 Qe1 40. Kg2 Ke7 41. Na5
Kd7 42. Kh2 Qd2 43. Qg2 g5 44. Kh1 Qd1+ 45. Kh2 Qxd4 46. Kh1 Ne7 47. Qf3 Qd5 48.
Kg2 Ke6 49. Qxd5+ Kxd5 50. Kf3 Kd4 51. Ke2 Kc3 52. f4 gxf4 53. Kf3 Kb2 54. a4
bxa4 55. b5 cxb5 0-1

[Event "St.Petersburg Summer Open"]
[Site "St Petersburg RUS"]
[Date "2016.08.22"]
[Round "6.9"]
[White "Lesovoi, Evgenij"]
[Black "Artamonov, Valery"]
[Result "1-0"]
[WhiteElo "2295"]
[BlackElo "2240"]
[WhiteFideId "24164135"]
[BlackFideId "24100480"]
[EventDate "2016.08.17"]

1. e4 g6 2. d4 Bg7 3. Nc3 d6 4. Be3 a6 5. h4 h6 6. Qd2 b5 7. O-O-O Nd7 8. h5
gxh5 9. Nge2 b4 10. Nd5 Ndf6 11. Nxf6+ Nxf6 12. f3 c6 13. Qxb4 a5 14. Qc3 Bd7
15. Nf4 Rc8 16. Ba6 Rb8 17. Bc4 e6 18. e5 Nd5 19. Bxd5 cxd5 20. Nxh5 Kf8 21.
Nxg7 Kxg7 22. Qd2 f6 23. Bxh6+ Kf7 24. Qf4 dxe5 25. dxe5 Rg8 26. Bg5 Rxg5 27.
Rh7+ Kf8 28. Rh8+ Rg8 29. Qh6+ Kf7 30. Rh7+ 1-0

[Event "St.Petersburg Summer Open"]
[Site "St Petersburg RUS"]
[Date "2016.08.22"]
[Round "6.10"]
[White "Vlasenko, Miroslav"]
[Black "Melnikov, Dmitry"]
[Result "1-0"]
[WhiteTitle "IM"]
[BlackTitle "FM"]
[WhiteElo "2423"]
[BlackElo "2262"]
[WhiteFideId "4151887"]
[BlackFideId "4146468"]
[EventDate "2016.08.17"]

1. d4 f5 2. Nc3 d5 3. Bf4 Nf6 4. e3 c6 5. Nf3 e6 6. Bd3 Be7 7. O-O O-O 8. Ne2
Ne4 9. Bxb8 Rxb8 10. Ne5 Bd6 11. f4 Bd7 12. Bxe4 dxe4 13. c4 Be8 14. c5 Bc7 15.
g4 b6 16. cxb6 axb6 17. Qb3 Bxe5 18. dxe5 Kh8 19. Qxe6 Qd2 20. Kf2 fxg4 21. Rfd1
Qxb2 22. Rab1 Qc2 23. Rbc1 Qb2 24. Qd6 Bh5 25. Rd2 Qb5 26. Nd4 Qa6 27. Ne6 Rg8
28. f5 Qa5 29. Rxc6 Rbe8 30. Rc7 h6 31. Nxg7 1-0

[Event "St.Petersburg Summer Open"]
[Site "St Petersburg RUS"]
[Date "2016.08.22"]
[Round "6.11"]
[White "Remizov, Yaroslav"]
[Black "Pasiev, Rakhim"]
[Result "0-1"]
[BlackTitle "IM"]
[WhiteElo "2104"]
[BlackElo "2407"]
[WhiteFideId "34134015"]
[BlackFideId "24122475"]
[EventDate "2016.08.17"]

1. e4 e5 2. Nf3 Nc6 3. d3 Bc5 4. Be2 Nf6 5. O-O a6 6. Nbd2 d6 7. c3 Ba7 8. b4
Ne7 9. a4 Ng6 10. Nc4 O-O 11. Be3 Qe7 12. Qc2 Be6 13. Nfd2 Bxe3 14. fxe3 d5 15.
Na5 c5 16. Rfb1 cxb4 17. cxb4 Rac8 18. Qd1 Rfd8 19. Qe1 dxe4 20. Nxe4 Nd5 21.
Bf3 Nh4 22. Bd1 Nf5 23. Nc4 b5 24. axb5 axb5 25. Nxe5 Ndxe3 26. Nc5 Bd5 27. Nf3
Qf6 28. Ra6 Rc6 29. Rxc6 Bxc6 30. Ne4 Qg6 31. Ng3 Re8 32. Be2 Nxg2 33. Kxg2
Rxe2+ 34. Qxe2 Bxf3+ 35. Kxf3 Nd4+ 36. Kf2 Nxe2 37. Kxe2 h5 38. Rd1 Qg4+ 39. Ke1
Qxb4+ 40. Kf2 Qf4+ 41. Ke1 Qe3+ 42. Ne2 b4 43. d4 Kf8 0-1

[Event "St.Petersburg Summer Open"]
[Site "St Petersburg RUS"]
[Date "2016.08.22"]
[Round "6.12"]
[White "Bazeev, German"]
[Black "Markevich, Ilya"]
[Result "1-0"]
[WhiteElo "2288"]
[BlackElo "2195"]
[WhiteFideId "24119350"]
[BlackFideId "24114839"]
[EventDate "2016.08.17"]

1. e4 c5 2. Nf3 e6 3. b3 a6 4. Bb2 Nc6 5. e5 d6 6. exd6 Nf6 7. Na3 Bxd6 8. Nc4
Be7 9. a4 O-O 10. Be2 Nd5 11. O-O f6 12. d4 Nf4 13. dxc5 Bxc5 14. Nfd2 Qe8 15.
Bf3 e5 16. Ne4 Ba7 17. Bc1 Nd4 18. Bxf4 exf4 19. c3 Nxf3+ 20. Qxf3 Be6 21. Qxf4
Bb8 22. Qf3 Bxc4 23. bxc4 Qc6 24. Rab1 Rf7 25. Qd3 Rd7 26. Qe2 Ba7 27. c5 Re7
28. Rbe1 Kf8 29. Qc4 Rc8 30. Qd3 Bxc5 31. Nxc5 Qxc5 32. Qxh7 Rxe1 33. Rxe1 Qxc3
34. Rd1 Qc4 35. a5 Qg8 36. Qf5 Qc4 37. h3 Kg8 38. Rd7 Qc1+ 39. Kh2 Qg5 40. Qxg5
fxg5 41. Rd5 Rc2 42. f3 Rb2 43. Rxg5 b6 44. axb6 Rxb6 45. Ra5 Kf7 46. g4 Rc6 47.
h4 Rb6 48. Kg3 Rc6 49. h5 Rb6 50. Rc5 Rb7 51. f4 Rb3+ 52. Kh4 Rb7 53. g5 Rb4 54.
Rc7+ Kf8 55. Kg4 a5 56. Ra7 a4 57. Ra5 Rc4 58. Kf5 Rb4 59. Kg6 Rb6+ 60. Kh7 Rb4 1-0

[Event "St.Petersburg Summer Open"]
[Site "St Petersburg RUS"]
[Date "2016.08.22"]
[Round "6.14"]
[White "Kuzmin, Yuriy"]
[Black "Kuznetsov, Felix"]
[Result "0-1"]
[WhiteElo "2275"]
[BlackElo "2150"]
[WhiteFideId "24122041"]
[BlackFideId "34147990"]
[EventDate "2016.08.17"]

1. d4 Nf6 2. Nf3 e6 3. c4 b6 4. g3 Bb7 5. Bg2 Be7 6. O-O O-O 7. Re1 d5 8. cxd5
exd5 9. Nc3 Na6 10. Bf4 c5 11. Rc1 Nc7 12. dxc5 bxc5 13. Qb3 Qc8 14. Bh3 Ne6 15.
Nb5 c4 16. Qd1 Qc5 17. Nbd4 Nxf4 18. gxf4 Ne4 19. Ne5 Qb6 20. e3 Qxb2 21. Rc2
Qa3 22. Qh5 g6 23. Qh6 Bf6 24. Bg2 Qe7 25. Rb1 Bg7 26. Qh3 Bxe5 27. fxe5 Bc8 28.
e6 f5 29. f3 Nc5 30. Qg3 f4 31. exf4 Nxe6 32. Re2 Qc5 0-1

[Event "St.Petersburg Summer Open"]
[Site "St Petersburg RUS"]
[Date "2016.08.22"]
[Round "6.15"]
[White "Pischikov, Vadim"]
[Black "Kuzmin, Egor"]
[Result "1/2-1/2"]
[BlackTitle "FM"]
[WhiteElo "2162"]
[BlackElo "2266"]
[WhiteFideId "4100280"]
[BlackFideId "24101737"]
[EventDate "2016.08.17"]

1. d4 d5 2. Nf3 Nf6 3. Bf4 e6 4. e3 c5 5. c3 Nc6 6. Bd3 Bd6 7. Bg5 O-O 8. O-O a6
9. Nbd2 h6 10. Bh4 b5 11. e4 cxd4 12. cxd4 dxe4 13. Bxe4 Bb7 14. Ne5 Rc8 15.
Bxf6 gxf6 16. Qg4+ Kh8 17. Qh5 Kg7 18. Qg4+ Kh8 19. Qh3 Kg7 20. Qg3+ Kh8 21. Qe3
Kg7 22. Qg3+ Kh8 23. Qh3 Kg7 24. Ng4 1/2-1/2

[Event "St.Petersburg Summer Open"]
[Site "St Petersburg RUS"]
[Date "2016.08.22"]
[Round "6.16"]
[White "Bondarenko, Ivan"]
[Black "Markelova, Lubov"]
[Result "1-0"]
[BlackTitle "WFM"]
[WhiteElo "2224"]
[BlackElo "2108"]
[WhiteFideId "34152153"]
[BlackFideId "24131369"]
[EventDate "2016.08.17"]

1. d4 d5 2. c4 c6 3. cxd5 cxd5 4. Bf4 Nc6 5. e3 Nf6 6. Nc3 Bf5 7. Qb3 Na5 8.
Qa4+ Bd7 9. Qc2 e6 10. Nf3 Rc8 11. Bd3 Be7 12. O-O O-O 13. Ne5 b5 14. a3 Nc4 15.
Rfc1 h6 16. Qe2 a6 17. a4 Qb6 18. Nxd7 Nxd7 19. axb5 axb5 20. b3 Na5 21. Qa2 Bb4
22. Nxb5 e5 23. Bxe5 Nxe5 24. dxe5 Rc5 25. Rxc5 Qxc5 26. Rb1 Nc6 27. Qb2 Qe7 28.
Be2 Nxe5 29. Nd4 Rc8 30. Rd1 Qf6 31. Qb1 Rd8 32. Qc2 Bd6 33. g3 g6 34. Ra1 Qe7
35. Kg2 Qb7 36. Qd1 Nd7 37. Bf3 Nf6 38. Rb1 Bb4 39. Nc2 Be7 40. b4 Ne4 41. Qd3
Ng5 42. Qe2 Rc8 43. Rb2 Bf6 44. Ra2 h5 45. h4 Ne4 46. Bxe4 dxe4 47. b5 Rc5 48.
Na3 Kg7 49. Rc2 Rf5 50. Qc4 Qe7 51. Nb1 Bxh4 52. gxh4 Qxh4 53. Qd4+ Kh7 54. Rb2
Qg4+ 55. Kf1 Qh3+ 56. Ke2 Qg2 57. Nd2 Rxf2+ 58. Kd1 Qg4+ 59. Kc2 Qc8+ 60. Kb3
Qe6+ 61. Nc4 Rf5 62. Kb4 Rd5 63. Qa7 Rd7 64. Qc5 h4 65. Qe5 Qg4 66. b6 h3 67.
Kc5 Rb7 68. Nd6 1-0

[Event "St.Petersburg Summer Open"]
[Site "St Petersburg RUS"]
[Date "2016.08.22"]
[Round "6.17"]
[White "Babanin, Gleb"]
[Black "Turikov, Viktor"]
[Result "1-0"]
[BlackTitle "FM"]
[WhiteElo "2082"]
[BlackElo "2209"]
[WhiteFideId "34152536"]
[BlackFideId "4107810"]
[EventDate "2016.08.17"]

1. e4 e5 2. Nf3 Nc6 3. Bb5 Bd6 4. O-O Nf6 5. d4 Nxd4 6. Nxd4 exd4 7. e5 a6 8.
exf6 Qxf6 9. Re1+ Kd8 10. Bd3 c5 11. Nd2 Be7 12. Qf3 Qxf3 13. Nxf3 d5 14. b3 h6
15. a4 Be6 16. Ne5 Rc8 17. Ng6 Re8 18. Nxe7 Rxe7 19. Ba3 Rd7 20. Rad1 c4 21. Bf1
d3 22. cxd3 cxb3 23. d4 Rc2 24. Bd3 Ra2 25. Ra1 Rc7 26. Rxa2 bxa2 27. Bc5 Rc6
28. a5 Bd7 29. Ra1 Re6 30. Kf1 Ba4 31. Rxa2 Bb3 32. Re2 Bc4 33. Bxc4 dxc4 34.
Rxe6 fxe6 35. Ke2 Kd7 36. Kd2 Kc6 37. Kc3 Kd5 38. Bf8 1-0

[Event "St.Petersburg Summer Open"]
[Site "St Petersburg RUS"]
[Date "2016.08.22"]
[Round "6.18"]
[White "Pyatin, Alexander"]
[Black "Kozyrin, Aleksandr"]
[Result "1-0"]
[WhiteElo "2204"]
[BlackElo "2058"]
[WhiteFideId "24125920"]
[BlackFideId "34147800"]
[EventDate "2016.08.17"]

1. e4 c5 2. Nf3 Nc6 3. d4 cxd4 4. Nxd4 Qb6 5. Nb3 Nf6 6. Nc3 e6 7. Qe2 d6 8. g4
Be7 9. Be3 Qc7 10. g5 Nd7 11. h4 a6 12. O-O-O b5 13. f4 Nb6 14. Qf2 Rb8 15. f5
Nc4 16. f6 Nxe3 17. fxg7 Rg8 18. Qxe3 Ne5 19. Be2 Rxg7 20. Rdg1 Bd7 21. h5 Qb6
22. Qf4 Qd8 23. g6 fxg6 24. hxg6 Nxg6 25. Rxg6 Rxg6 26. Bh5 Bf6 27. Bxg6+ hxg6
28. Qxd6 Rb6 29. Qg3 Bg5+ 30. Kb1 Qf6 31. Nc5 Bf4 32. Qh3 Rd6 33. e5 Qxe5 34.
Qh7 Qf5 35. N3e4 Bc8 36. Qg8+ Qf8 37. Nf6+ Ke7 38. Rh7+ Kxf6 39. Qxf8+ Kg5 40.
Ne4+ 1-0

[Event "St.Petersburg Summer Open"]
[Site "St Petersburg RUS"]
[Date "2016.08.22"]
[Round "6.19"]
[White "Krukovsky, Alexander"]
[Black "Pogosian, Vladimir"]
[Result "0-1"]
[WhiteElo "2024"]
[BlackElo "2178"]
[WhiteFideId "4157346"]
[BlackFideId "13301586"]
[EventDate "2016.08.17"]

1. d4 Nf6 2. c4 e5 3. dxe5 Ng4 4. Bf4 g5 5. Bd2 Nxe5 6. Bc3 Bg7 7. e3 Qe7 8. Be2
Nbc6 9. f4 gxf4 10. exf4 Nxc4 11. Bxg7 Ne3 12. Qd2 Rg8 13. Bc3 Rxg2 14. Nf3 d5
15. Bf6 Qe4 16. Nc3 Qxf4 17. Rf1 Rg4 18. Rf2 Be6 19. h3 Rg6 20. Nd1 d4 21. Bxd4
Nxd4 22. Nxe3 O-O-O 23. Nxd4 Rg1+ 24. Nf1 Qxd2+ 25. Kxd2 Rxd4+ 26. Ke3 Rb4 27.
b3 a5 28. Rb1 a4 29. Bd1 Bxh3 30. Nd2 Be6 31. a3 Re1+ 32. Re2 Rxe2+ 33. Bxe2 Rh4
34. b4 Rh3+ 35. Nf3 h5 36. Kf4 Bg4 37. Rd1 c6 38. Rd3 Rh1 39. Re3 Be6 0-1

[Event "St.Petersburg Summer Open"]
[Site "St Petersburg RUS"]
[Date "2016.08.22"]
[Round "6.20"]
[White "Khadzhiev, Valery"]
[Black "Kiseleva, Arina"]
[Result "1-0"]
[BlackTitle "WCM"]
[WhiteElo "2174"]
[BlackElo "1999"]
[WhiteFideId "34154601"]
[BlackFideId "4164989"]
[EventDate "2016.08.17"]

1. d4 f5 2. Bg5 g6 3. Nf3 Bg7 4. g3 Nf6 5. Nc3 d6 6. Bg2 Nc6 7. d5 Ne5 8. Nd4
Bd7 9. O-O O-O 10. e4 fxe4 11. Nxe4 Nxe4 12. Bxe4 Qc8 13. Bxe7 Re8 14. Bh4 Nc4
15. Ne6 Bxe6 16. dxe6 c6 17. e7 d5 18. Bf3 Nxb2 19. Qe2 Na4 20. Bg4 Nc3 21. Be6+
Kh8 22. Qg4 Qc7 23. Rae1 Ne4 24. Rxe4 dxe4 25. Bd7 h5 26. Qe6 Qe5 27. Qxg6 Rxe7
28. Bf5 Bf8 29. Bf6+ 1-0

[Event "St.Petersburg Summer Open"]
[Site "St Petersburg RUS"]
[Date "2016.08.22"]
[Round "6.21"]
[White "Korobitsyn, Daniil"]
[Black "Manin, Viktor"]
[Result "0-1"]
[WhiteElo "2021"]
[BlackElo "2159"]
[WhiteFideId "24120472"]
[BlackFideId "14201291"]
[EventDate "2016.08.17"]

1. e4 e5 2. Nf3 Nc6 3. d4 exd4 4. Nxd4 Nf6 5. Nxc6 bxc6 6. e5 Qe7 7. Qe2 Nd5 8.
c4 Ba6 9. b3 g6 10. Bb2 Bg7 11. Nd2 O-O 12. O-O-O Rfe8 13. Qg4 Nb6 14. f4 d6 15.
Nf3 Rad8 16. Bd3 f5 17. Qg3 d5 18. cxd5 Bxd3 19. Rxd3 Nxd5 20. Kb1 Bh6 21. Rd4
c5 22. Ra4 Qd7 23. h4 Nb4 24. Rxb4 Qd3+ 25. Ka1 cxb4 26. h5 Re6 27. Qh4 Rd7 28.
hxg6 Rxg6 29. e6 Rxe6 30. Ne5 Qd2 31. g4 Rxe5 32. fxe5 Qd1+ 33. Bc1 Bxc1 34.
Qxh7+ Rxh7 35. Rxd1 Bf4 36. gxf5 Bxe5+ 37. Kb1 Rh2 38. Re1 Bf6 39. Re6 Kf7 0-1

[Event "St.Petersburg Summer Open"]
[Site "St Petersburg RUS"]
[Date "2016.08.22"]
[Round "6.22"]
[White "Grigoryeva, Olga A."]
[Black "Bezstrakhov, Dmitry"]
[Result "1-0"]
[WhiteTitle "WFM"]
[WhiteElo "2156"]
[BlackElo "1981"]
[WhiteFideId "24132594"]
[BlackFideId "34183768"]
[EventDate "2016.08.17"]

1. c4 d6 2. d4 Nf6 3. Nc3 g6 4. e4 Bg7 5. f3 O-O 6. Bg5 Nc6 7. Nge2 h6 8. Be3
Kh7 9. Qd2 a6 10. g4 Nd7 11. h4 b5 12. h5 g5 13. Ng3 e5 14. d5 Nd4 15. Kf2 bxc4
16. Bxc4 Rb8 17. Nf5 Nxf5 18. gxf5 Nf6 19. Be2 Rg8 20. Rag1 Bf8 21. Qc2 Be7 22.
a3 Bb7 23. Na2 a5 24. b4 axb4 25. Nxb4 Rc8 26. a4 Rg7 27. a5 Qg8 28. a6 Ba8 29.
Nc6 Bxc6 30. Qxc6 g4 31. a7 gxf3 32. Bxf3 Ng4+ 33. Bxg4 Rxg4 34. f6 Bxf6 35. Qd7
Bh4+ 36. Ke2 Bg3 37. Qf5+ Kh8 38. Qf6+ Qg7 39. Qxg7+ Rxg7 40. Kf3 Bf4 41. Rxg7
Kxg7 42. Bf2 1-0

[Event "St.Petersburg Summer Open"]
[Site "St Petersburg RUS"]
[Date "2016.08.22"]
[Round "6.23"]
[White "Slugin, Yaroslav"]
[Black "Dragun, Valentin"]
[Result "0-1"]
[WhiteElo "1940"]
[BlackElo "2151"]
[WhiteFideId "34142913"]
[BlackFideId "4502540"]
[EventDate "2016.08.17"]

1. d4 e6 2. Nf3 c5 3. c3 Nc6 4. e3 d5 5. Bd3 Nf6 6. Nbd2 Be7 7. O-O O-O 8. Ne5
cxd4 9. exd4 Nxe5 10. dxe5 Nd7 11. f4 Nc5 12. Nb3 Bd7 13. Nxc5 Bxc5+ 14. Kh1 f5
15. Qe2 Bc6 16. Be3 Qb6 17. Bxc5 Qxc5 18. Rfd1 Rac8 19. Rd2 b5 20. a3 Rfd8 21.
Rad1 a5 22. Bb1 b4 23. cxb4 axb4 24. Rc2 Qb6 25. Qd2 Ba4 26. Rxc8 Rxc8 27. Rc1
Rxc1+ 28. Qxc1 b3 29. Qd2 h6 30. h3 Qa6 31. Kg1 Qc4 32. Kh2 Bb5 33. g4 Qf1 34.
Bxf5 exf5 35. Qxd5+ Kh7 36. gxf5 Qf2+ 37. Kh1 Be2 0-1